| 000 | 00758nam a2200217Ia 4500 | ||
|---|---|---|---|
| 003 | GCL | ||
| 008 | 140319s9999 xx 000 0 ara d | ||
| 040 |
_aGCL / _cGCL |
||
| 082 | 0 | 4 |
_a791.43 _bم ع |
| 100 | 1 | _aمحمد الشافعى | |
| 245 | 1 | 0 |
_aعقيلة راتب نهر من العطاء / _cمحمد الشافعى |
| 250 | _aالاولى | ||
| 260 |
_aالقاهرة : _bوزارة الثقافة - صندوق التنمية الثقافية ، _c1997 |
||
| 300 |
_a106ص ؛ _c20سم |
||
| 650 | 0 | 4 | _aالسينما |
| 650 | 0 | 4 | _aالسينما - تراجم |
| 650 | 0 | 4 | _aالممثلون والممثلات المصريون |
| 650 | 0 | 4 | _aالممثلون والممثلات فى الفن |
| 650 | 0 | 4 | _aعقيلة راتب |
| 942 |
_2ddc _cBK |
||
| 999 |
_c7810 _d7810 |
||